000 00931nam a22002415i 4500
001 166403
003 ES-MaACL
005 20260316165935.0
008 050916s1900 fr | |||||||| ||fre d
040 _aCAM
_bspa
_cCAM
100 1 _aTolstói, Lev,
_d1828-1910
_9110489
245 1 0 _aImitations /
_cLéon Tolstoï; traduit du russe par E. Halpérine-Kaminsky.
250 _a2e éd.
260 _aParis :
_bSociété d'Editions Littéraires et Artistiques, Librairie Paul Ollendorff,
_c1900 (
_eChatillon-Sur-Seine :
_fA. Pichat)
300 _aXI, 230 p. ;
_c19 cm.
490 1 _aLes grands romans étrangers
598 _aLa mención de serie consta en la cub. original.
700 1 _aGal'perin-Kaminskij, Il'â Danilovic,
_d1858-1936
_9127773
830 0 _aLes grands romans étrangers
_9188618
852 _aES-MaACL
_jF-9574
_z-- Enc. hol. conservando la cub. original
999 _c166403
_d166403